| 000 | 01624nam a2200373Ia 4500 | ||
|---|---|---|---|
| 001 | ebr10404846 | ||
| 003 | CaPaEBR | ||
| 006 | m u | ||
| 007 | cr cn||||||||| | ||
| 008 | 100104s2010 mdu sbf 001 0 eng d | ||
| 010 | _z 2010000103 | ||
| 020 | _z9780759119444 (cloth : alk. paper) | ||
| 020 | _z9780759119451 (pbk. : alk. paper) | ||
| 020 | _z9780759119468 (electronic) | ||
| 040 |
_aCaPaEBR _cCaPaEBR |
||
| 035 | _a(OCoLC)664680916 | ||
| 050 | 1 | 4 |
_aNK806 _b.K75 2010eb |
| 082 | 0 | 4 |
_a745.0973 _222 |
| 100 | 1 |
_aKrill, Rosemary Troy, _d1950- |
|
| 245 | 1 | 0 |
_aEarly American decorative arts, 1620-1860 _h[electronic resource] : _ba handbook for interpreters / _cRosemary Troy Krill. |
| 250 | _aRev. and enhanced. | ||
| 260 |
_aLanham : _bAltaMira Press, _cc2010. |
||
| 300 | _ax, 267 p. | ||
| 490 | 1 | _aAmerican Association for State and Local History book series | |
| 504 | _aIncludes bibliographical references and index. | ||
| 533 |
_aElectronic reproduction. _bPalo Alto, Calif. : _cebrary, _d2011. _nAvailable via World Wide Web. _nAccess may be limited to ebrary affiliated libraries. |
||
| 610 | 2 | 0 | _aHenry Francis du Pont Winterthur Museum. |
| 650 | 0 |
_aDecorative arts, Early American _vHandbooks, manuals, etc. |
|
| 650 | 0 |
_aDecorative arts _zUnited States _xHistory _y19th century _vHandbooks, manuals, etc. |
|
| 655 | 7 |
_aElectronic books. _2local |
|
| 710 | 2 | _aebrary, Inc. | |
| 830 | 0 | _aAmerican Association for State and Local History book series. | |
| 856 | 4 | 0 |
_uhttp://site.ebrary.com/lib/rucke/Doc?id=10404846 _zAn electronic book accessible through the World Wide Web; click to view |
| 999 |
_c184762 _d184762 |
||